Seattle Seahawks NFL Roster 2024/25 - Statistics

General Stats
  • This quiz has been taken 184 times
  • The average score is 26 of 64
Answer Stats
POS NO IR Player % Correct
QB 7 Geno Smith
97%
WR 14 DK Metcalf
90%
RB 9 IR Ken Walker III
87%
WR 16 Tyler Lockett
86%
RB 26 Zach Charbonnet
86%
WR 11 Jaxon Smith-Njigba
84%
QB 6 Sam Howell
81%
CB 21 Devon Witherspoon
74%
TE 87 Noah Fant
73%
T 74 IR George Fant
68%
WR 19 Jake Bobo
66%
CB 27 Riq Woolen
65%
DE 99 Leonard Williams
61%
S 20 Julian Love
60%
S 8 Coby Bryant
58%
K 5 Jason Myers
57%
TE 88 AJ Barner
56%
RB 25 Kenny McIntosh
56%
LB 13 Ernest Jones IV
55%
T 67 Charles Cross
54%
P 4 Michael Dickson
54%
HC Mike MacDonald
54%
T 72 IR Abraham Lucas
53%
DT 91 Byron Murphy II
51%
LB 55 Dre'Mont Jones
51%
TE 86 Pharaoh Brown
49%
CB 22 Tre Brown
49%
NT 90 Jarren Reed
46%
LB 53 Boye Mafe
45%
LB 48 Tyrice Knight
44%
LB 58 Derick Hall
43%
QB 15 Jaren Hall
43%
LB 10 Uchenna Nwosu
39%
G 75 IR Anthony Bradford
37%
CB 29 IR Josh Jobe
37%
S 2 Rayshawn Jenkins
37%
WR 83 Dareke Young
34%
NT 93 IR Cameron Young
32%
WR 82 Cody White
32%
RB 36 George Holani
32%
C 51 Olu Oluwatimi
32%
G 64 Christian Haynes
30%
T 78 Stone Forsythe
25%
TE 38 IR Brady Russell
24%
G 70 Laken Tomlinson
24%
DT 97 Johnathan Hankins
21%
G 63 Sataoa Laumea
21%
CB 28 Nehemiah Pritchett
19%
C 61 Jalen Sundell
18%
CB 23 Artie Burns
17%
LS 41 Chris Stoll
16%
DE 94 Mike Morris
16%
WR 1 Jaelon Darden
15%
LB 42 Drake Thomas
14%
T 65 Michael Jerrell
12%
DT 98 Roy Robertson-Harris
12%
S 24 IR K'Von Wallace
11%
WR 17 John Rhys Plumlee
8%
LB 18 Josh Ross
8%
LB 52 Patrick O'Connell
8%
S 30 AJ Finley
6%
NT 95 Brandon Pili
6%
LB 50 IR Trevis Gipson
4%
LB 49 IR Joshua Onujiogu
3%
No matching quizzes found
Score Distribution
Percent of People with Each Score
Percentile by Number Answered
Your Score History
You have not taken this quiz